00554cam a22002171 4500001001300000003000400013005001700017008004100034010001700075025002000092035002000112040002000132042001200152050001800164100001900182245004100201260003700242300001800279490002200297999001700319sa 66000013 DLC20260227112211.0900112q19601969io 000 0 ind  asa 66000013  aPL480:Indo-2046 a(OCoLC)20893003 aDLCcOCoLCdDLC apremarc00aPL5089.O3bW31 aOey, Tiong Ho.10aWanita djantan dari Tha Seng Tjhung. aTasikmalaja,bSwandjajac[196-?] a58 p.c15 cm.0 aKiam Hiap,vno. 1 c66979d66979